Southville International School and Colleges
Your cart is empty.
  • Cart
  • Lists
    Public lists Eva Luna New books Lux_list list_1
    Your lists Log in to create your own lists
  • Log in to your account
  • Your cookies
  • Search history
Southville International School and Colleges
  • Advanced search
  • Recent comments
  • Most popular
  • Libraries

Log in to your account

Log in with GOOGLE


If you do not have an external account, but do have a local account, you can still log in:

  1. Home
  2. MARC view: Bringing out the best in people :
Normal view MARC view ISBD view

Bringing out the best in people : (Record no. 15796)

[ view plain ]
MARC details
000 -LEADER
fixed length control field 00970pam a2200313 a 4500
001 - CONTROL NUMBER
control field 3788232
003 - CONTROL NUMBER IDENTIFIER
control field OSt
005 - DATE AND TIME OF LATEST TRANSACTION
control field 20140310182753.0
008 - FIXED-LENGTH DATA ELEMENTS--GENERAL INFORMATION
fixed length control field 841215s1985 mnu b 001 0 eng
010 ## - LIBRARY OF CONGRESS CONTROL NUMBER
LC control number 84028400
020 ## - INTERNATIONAL STANDARD BOOK NUMBER
International Standard Book Number 9713200004
040 ## - CATALOGING SOURCE
Original cataloging agency DLC
Transcribing agency DLC
Modifying agency DLC
050 00 - LIBRARY OF CONGRESS CALL NUMBER
Classification number BF 503
Item number .M478 1985
082 00 - DEWEY DECIMAL CLASSIFICATION NUMBER
Classification number M 153.8
Item number M17 1991
100 1# - MAIN ENTRY--PERSONAL NAME
Personal name McGinnis, Alan Loy.
245 10 - TITLE STATEMENT
Title Bringing out the best in people :
Remainder of title how to enjoy helping others excel /
Statement of responsibility, etc McGinnis, Alan Loy
260 ## - PUBLICATION, DISTRIBUTION, ETC. (IMPRINT)
Place of publication, distribution, etc Minneapolis :
Name of publisher, distributor, etc Augsburg Pub. House,
Date of publication, distribution, etc 1991
300 ## - PHYSICAL DESCRIPTION
Extent 191 p. ;
Dimensions 21 cm.
500 ## - GENERAL NOTE
General note Includes index.
504 ## - BIBLIOGRAPHY, ETC. NOTE
Bibliography, etc Bibliography: p. 185-187.
521 ## - TARGET AUDIENCE NOTE
Target audience note
526 ## - STUDY PROGRAM INFORMATION NOTE
Reading level 1210L to 1700L
541 ## - IMMEDIATE SOURCE OF ACQUISITION NOTE
-- 1
562 ## - COPY AND VERSION IDENTIFICATION NOTE
Number of copies for circulation. 1 copy available in the collection
650 #0 - SUBJECT ADDED ENTRY--TOPICAL TERM
Topical term or geographic name as entry element Motivation (Psychology)
650 #0 - SUBJECT ADDED ENTRY--TOPICAL TERM
Topical term or geographic name as entry element Psychology, Applied.
906 ## - LOCAL DATA ELEMENT F, LDF (RLIN)
a 7
b cbc
c orignew
d 1
e ocip
f 19
g y-gencatlg
942 ## - ADDED ENTRY ELEMENTS (KOHA)
Source of classification or shelving scheme Library of Congress Classification
Koha item type Books
Call number prefix
Holdings
Withdrawn status Lost status Source of classification or shelving scheme Damaged status Home library Current library Shelving location Date acquired Total Checkouts Full call number Barcode Date last seen Copy number Price effective from Koha item type
    Library of Congress Classification   College Library College Library General Circulation Section 02/04/2013   BF 503 .N478 1991 c5778 05/15/2018 1 02/04/2013 Books

Bringing out the best in people :

APA

McGinnis A. L., . (1991). Bringing out the best in people. Minneapolis: Augsburg Pub. House.

Chicago

McGinnis Alan Loy, . 1991. Bringing out the best in people. Minneapolis: Augsburg Pub. House.

Harvard

McGinnis A. L., . (1991). Bringing out the best in people. Minneapolis: Augsburg Pub. House.

MLA

McGinnis Alan Loy, . Bringing out the best in people. Minneapolis: Augsburg Pub. House. 1991.

  • Place hold
  • Print
  • Cite
  • Add to your cart (remove)
  • Save record
    BIBTEX Dublin Core MARCXML MARC (non-Unicode/MARC-8) MARC (Unicode/UTF-8) MARC (Unicode/UTF-8, Standard) MODS (XML) RIS
  • More searches
    Search for this title in:
    Other Libraries (WorldCat) Other Databases (Google Scholar) Online Stores (Bookfinder.com) Open Library (openlibrary.org)

Exporting to Dublin Core...

SOUTHVILLE LIBRARY

Southville International School and Colleges Library

1281 Tropical Ave. Cor. Luxembourg St., BF Homes International, Las Pinas City

Tel. No. 8256374 / 252358 Loc. 117/146

Powered by Koha